Menempah maut

Bibliographic Details
Main Author: Wan Azmi Ramli
Format: Book
Published: Kuala Lumpur : Pustaka Pertiwi , 1991
Subjects:

MARC

LEADER 00000cam a2200000 7i4500
001 0000004757
002 000005128
005 20000330.0
020 |a 9838390496 
090 0 0 |a 362.29   |b WAN 
100 0 |a Wan Azmi Ramli 
245 1 0 |a Menempah maut   |c Wan Azmi Ramli 
260 |a Kuala Lumpur :   |b Pustaka Pertiwi ,   |c 1991 
300 |a 423p. ;   |c 22cm. 
650 0 0 |a Drug abuse 
999 |a 035412   |b BUKU   |c PINJAMAN   |e PERPUSTAKAAN KOMUNITI PETALING JAYA 
999 |a 035413   |b BUKU   |c PINJAMAN   |e PERPUSTAKAAN KOMUNITI PETALING JAYA